Trojrozmerné zobrazenie alternatívnych a paralelných scenárov

Na minha lista:
Detalhes bibliográficos
Autor principal: Hamara, Ondrej (Author)
Outros Autores: Polášek, Ivan (Thesis advisor)
Formato: Manuscrito Livro
Idioma:eslovaco
Publicado em: 2016
Assuntos:
Acesso em linha:http://is.stuba.sk/zp/portal_zp.pl?podrobnosti=106407
Tags: Adicionar Tag
Sem tags, seja o primeiro a adicionar uma tag!

MARC

LEADER 00000ntm a22000003a 4500
001 stuzp59127
003 SK-STU
005 20160719155754.9
007 ta
008 150427s2015----xo-----f-mn---000-0-slo-d
040 |a STU  |b slo 
041 0 |a slo 
100 1 |a Hamara, Ondrej  |u 070200  |4 aut  |U FIIT Fakulta informatiky a informačných technológií  |T FIIT Ústav informatiky, informačných systémov a softvérového inžinierstva  |X 72098  |U I200  |Y 179  |7 72098 
242 0 1 |a Three-dimensional display of alternative and parallel scenarios  |y eng 
245 1 0 |a Trojrozmerné zobrazenie alternatívnych a paralelných scenárov 
260 |c 2016 
650 4 |a operand  |2 slo 
650 4 |a kombinovaný fragment  |2 slo 
650 4 |a animácia  |2 slo 
650 4 |a sekvenčný diagram  |2 slo 
650 4 |a operand  |2 eng 
650 4 |a sequence diagram  |2 eng 
650 4 |a combined fragment  |2 eng 
650 4 |a animation  |2 eng 
700 1 |a Polášek, Ivan  |u 070200  |k Z1  |4 ths  |U FIIT Fakulta informatiky a informačných technológií  |T FIIT Ústav informatiky, informačných systémov a softvérového inžinierstva  |X 1426  |U I200  |Y 179  |7 1426 
856 4 |u http://is.stuba.sk/zp/portal_zp.pl?podrobnosti=106407 
996 |c I*BAP101/16  |l II680  |s P  |a 0  |w stuzp59127_0001 
SQL |a stuzp59127  |b DBP  |c SLO  |d Trojrozmerné zobrazenie alternatívnych a paralelných scenárov  |e 72098  |f Hamara, Ondrej  |g 070200  |h 1426  |i Polášek, Ivan  |j 20160620  |k 202  |l 07  |m http://is.stuba.sk/zp/portal_zp.pl?podrobnosti=106407  |n B-INFO  |o 9.2.1. informatika